Credit crunch (Record no. 80852)
[ view plain ]
| 000 -LEADER | |
|---|---|
| fixed length control field | 01304cab a22002295a 4500 |
| 001 - CONTROL NUMBER | |
| control field | L145520 |
| 008 - FIXED-LENGTH DATA ELEMENTS--GENERAL INFORMATION | |
| fixed length control field | 081017s2008 xxk f 000 0 eng d |
| 035 ## - SYSTEM CONTROL NUMBER | |
| System control number | (Sirsi) u145520 |
| 041 0# - LANGUAGE CODE | |
| Language code of text/sound track or separate title | eng |
| 100 1# - MAIN ENTRY--PERSONAL NAME | |
| Personal name | Fowler, Stephen |
| 245 00 - TITLE STATEMENT | |
| Title | Credit crunch |
| Remainder of title | its impact on the letting industry |
| 260 ## - PUBLICATION, DISTRIBUTION, ETC. | |
| Date of publication, distribution, etc. | 2008 |
| 490 ## - SERIES STATEMENT | |
| Series statement | Letting Update Journal |
| Volume/sequential designation | (16)3 October 2008, 14-17(4) |
| 520 ## - SUMMARY, ETC. | |
| Summary, etc. | Discusses the effects of the credit crunch on the lettings industry in the light of a marked rise in repossessions (particularly of buy to let properties, up by 93% from this time last year). While the Association of Residential Letting Agents (ARLA) remain positive, other market commentators and negative economic indicators seem to suggest more fallout is yet to come. The authors suggest ways in which alert property managers can be aware of potential problems with landlords and discuss the repossession cycle. Also looks at the rights of tenants in such cases, but suggests that these will always be secondary to the rights of the lender (and sometimes the landlord). |
| 590 ## - LOCAL NOTE (RLIN) | |
| Local note | KA |
| 650 24 - SUBJECT ADDED ENTRY--TOPICAL TERM | |
| Topical term or geographic name entry element | ABBEY NATIONAL V YUSUF |
| 650 24 - SUBJECT ADDED ENTRY--TOPICAL TERM | |
| Topical term or geographic name entry element | STALKER V KARIM |
| 651 #4 - SUBJECT ADDED ENTRY--GEOGRAPHIC NAME | |
| Geographic name | United Kingdom |
| Chronological subdivision | |
| 690 ## - LOCAL SUBJECT ADDED ENTRY--TOPICAL TERM (OCLC, RLIN) | |
| Topical term or geographic name as entry element | PROPERTY-RESIDENTIAL PROPERTY-RESIDENTIAL LANDLORD AND TENANT |
| 700 1# - ADDED ENTRY--PERSONAL NAME | |
| Personal name | Ives, Paul |
| 942 ## - ADDED ENTRY ELEMENTS (KOHA) | |
| Suppress in OPAC | 0 |
| Withdrawn status | Lost status | Source of classification or shelving scheme | Damaged status | Not for loan | Home library | Current library | Shelving location | Date acquired | Total Checkouts | Full call number | Barcode | Date last seen | Copy number | Price effective from | Koha item type |
|---|---|---|---|---|---|---|---|---|---|---|---|---|---|---|---|
| Dewey Decimal Classification | London | London | Journal article | 17/10/2008 | L145520 | 145520-1001 | 06/08/2019 | 1 | 06/08/2019 | Journal article |